Развиваем воображение как основу творческого потенциала личности в раннем и дошкольном детстве. Вып. 4 (Запись № 10241985)
[ простой вид ]
| 000 -МАРКЕР | |
|---|---|
| контрольное поле | 01989nam2a2200277 i 4500 |
| 001 - ИДЕНТИФИКАТОР ЗАПИСИ | |
| контрольное поле | RU\NLR\BIBL_A\010200644 |
| 005 - ИДЕНТИФИКАТОР ВЕРСИИ | |
| контрольное поле | 20241225193744.0 |
| 010 ## - МЕЖДУНАРОДНЫЙ СТАНДАРТНЫЙ НОМЕР КНИГИ (ISBN) | |
| Номер (ISBN) | 9785937502773 |
| Тираж | 100 |
| 021 ## - НОМЕР ГОСУДАРСТВЕННОЙ РЕГИСТРАЦИИ | |
| Код страны | Российская Федерация |
| Номер | 2013-108171 |
| Номер Листа государственной регистраци | 7496 |
| 035 ## - ДРУГИЕ СИСТЕМНЫЕ НОМЕРА | |
| Идентификатор записи | (NLR Aleph) 010200644 |
| 100 ## - ДАННЫЕ ОБЩЕЙ ОБРАБОТКИ | |
| Данные общей обработки | 20140305d2013 u y0rusy50 ca |
| 101 0# - ЯЗЫК РЕСУРСА | |
| Язык текста, звукозаписи и т.д. | русский |
| 102 ## - СТРАНА ПУБЛИКАЦИИ ИЛИ ПРОИЗВОДСТВА | |
| Страна публикации | Российская Федерация |
| 105 ## - ПОЛЕ КОДИРОВАННЫХ ДАННЫХ: ТЕКСТОВЫЕ МАТЕРИАЛЫ, МОНОГРАФИЧЕСКИЕ | |
| Кодированные данные о монографическом текстовом документе | y ||z|||000yy |
| 200 0# - ЗАГЛАВИЕ И СВЕДЕНИЯ ОБ ОТВЕТСТВЕННОСТИ | |
| Основное заглавие | Вып. 4 |
| Сведения, относящиеся к заглавию | [статьи в журналах и научных сборниках] |
| 210 ## - ПУБЛИКАЦИЯ, РАСПРОСТРАНЕНИЕ И ДР. | |
| Дата издания, распространения и т.д. | 2013 |
| 215 ## - ФИЗИЧЕСКАЯ ХАРАКТЕРИСТИКА | |
| Специфическое обозначение материала и объем | 112 с. |
| 300 ## - ОБЩИЕ ПРИМЕЧАНИЯ | |
| Текст примечания | Общ. загл. вып.: Развиваем воображение как основу творческого потенциала личности детей-дошкольников (при восприятии связных текстов) |
| 320 ## - ПРИМЕЧАНИЯ О НАЛИЧИИ В ДОКУМЕНТЕ БИБЛИОГРАФИИ / УКАЗАТЕЛЯ | |
| Текст примечания | Библиогр. в конце ст. |
| 461 #1 - УРОВЕНЬ НАБОРА | |
| Встроенное поле | 001RU\NLR\BIBL_A\010015196 |
| -- | 2001#$aРазвиваем воображение как основу творческого потенциала личности в раннем и дошкольном детстве$vВып. 4 |
| Идентификатор связанной записи | RU\NLR\BIBL_A\010015196 |
| Системный номер (АБИС) связанной записи | 9873544 |
| Автор | Захарюта, Н. В. |
| Место публикации | Армавир |
| Дата публикации | 2012 |
| Первые сведения об ответственности | Н.В. Захарюта |
| Имя издателя, распространителя и т.д. | Армавирское полиграфпредприятие |
| Сведения, относящиеся к заглавию | в помощь студентам и преподавателям педагогических вузов и колледжей, практическим специалистам дошкольного образования |
| Заглавие | Развиваем воображение как основу творческого потенциала личности в раннем и дошкольном детстве |
| Номер тома | Вып. 4 |
| 517 1# - ДРУГИЕ ВАРИАНТЫ ЗАГЛАВИЯ | |
| Вариант заглавия | Развиваем воображение как основу творческого потенциала личности детей-дошкольников (при восприятии связных текстов) |
| 942 ## - ДОПОЛНИТЕЛЬНЫЕ ЭЛЕМЕНТЫ ЗАПИСИ (АБИС) | |
| Тип экземпляра АБИС | Книга |
| 980 ## - КОЛЛЕКЦИЯ | |
| Название коллекции | НБР |
Нет доступных экземпляров.